Advanced strength of materials (Record no. 6074)

000 -LEADER
fixed length control field 00525nam a2200193 4500
001 - CONTROL NUMBER
control field 6074
003 - CONTROL NUMBER IDENTIFIER
control field BD-DhHUET
008 - FIXED-LENGTH DATA ELEMENTS--GENERAL INFORMATION
fixed length control field 790809s1952 nyua 001 0 eng
020 ## - INTERNATIONAL STANDARD BOOK NUMBER
International Standard Book Number 070164002
040 ## - CATALOGING SOURCE
Original cataloging agency DLC
Transcribing agency DLC
Modifying agency BD-DhHUET
082 ## - DEWEY DECIMAL CLASSIFICATION NUMBER
Classification number 620.11
Item number DEN/1952
100 1# - MAIN ENTRY--PERSONAL NAME
Personal name Den Hartog, J. P.
245 10 - TITLE STATEMENT
Title Advanced strength of materials
Statement of responsibility, etc. by Den Hartog, J. P.
250 ## - EDITION STATEMENT
Edition statement 1st ed.
260 ## - PUBLICATION, DISTRIBUTION, ETC. (IMPRINT)
Place of publication, distribution, etc. New York
Name of publisher, distributor, etc. McGraw-Hill
Date of publication, distribution, etc. 1952
300 ## - PHYSICAL DESCRIPTION
Extent ix,379 p.
Other physical details illus.
Dimensions 24 cm.
650 #0 - SUBJECT ADDED ENTRY--TOPICAL TERM
Topical term or geographic name as entry element Strength of materials: engineering
942 ## - ADDED ENTRY ELEMENTS (KOHA)
Koha item type General Book
Holdings
Lost status Koha date last seen Not for loan Price effective from Copy number Damaged status Location (home branch) Shelving location Koha full call number Piece designation (barcode) Sublocation or collection (holding branch) Source of classification or shelving scheme Koha item type Date acquired Koha normalized classification for sorting Withdrawn status
 2014-11-30 2014-11-301 Central Library, BUETCirculation section620.11/DEN/195287925Central Library, BUET General Book2014-11-30620_000000000000000_11DEN1952 
 2015-04-23 2015-04-232 Central Library, BUETCirculation section620.11/DEN/195229906Central Library, BUET General Book2015-04-23620_110000000000000_DEN_1952 
 2015-04-23 2015-04-233 Central Library, BUETCirculation section620.11/DEN/195229901Central Library, BUET General Book2015-04-23620_110000000000000_DEN_1952 
 2015-04-23 2015-04-234 Central Library, BUETCirculation section620.11/DEN/195234760Central Library, BUET General Book2015-04-23620_110000000000000_DEN_1952 
 2015-04-23 2015-04-235 Central Library, BUETCirculation section620.11/DEN/195229903Central Library, BUET General Book2015-04-23620_110000000000000_DEN_1952 
 2015-04-23 2015-04-236 Central Library, BUETCirculation section620.11/DEN/195234761Central Library, BUET General Book2015-04-23620_110000000000000_DEN_1952 
 2015-04-23 2015-04-237 Central Library, BUETCirculation section620.11/DEN/195229908Central Library, BUET General Book2015-04-23620_110000000000000_DEN_1952 
 2015-04-23 2015-04-238 Central Library, BUETCirculation section620.11/DEN/195229905Central Library, BUET General Book2015-04-23620_110000000000000_DEN_1952 
 2015-04-23 2015-04-239 Central Library, BUETCirculation section620.11/DEN/195229904Central Library, BUET General Book2015-04-23620_110000000000000_DEN_1952 
 2015-04-25 2015-04-2510 Central Library, BUETCirculation section620.11/DEN/195234762Central Library, BUET General Book2015-04-25620_110000000000000_DEN_1952 
 2015-04-25 2015-04-2511 Central Library, BUETCirculation section620.11/DEN/195229907Central Library, BUET General Book2015-04-25620_110000000000000_DEN_1952